Sears and Zemanskys College Physics (Record no. 221899)

MARC details
000 -LEADER
fixed length control field 01275nam a22002297a 4500
005 - DATE AND TIME OF LATEST TRANSACTION
control field 20220317152814.0
008 - FIXED-LENGTH DATA ELEMENTS--GENERAL INFORMATION
fixed length control field 220316b ||||| |||| 00| 0 eng d
020 ## - INTERNATIONAL STANDARD BOOK NUMBER
International Standard Book Number 9781292112541
040 ## - CATALOGING SOURCE
Transcribing agency AL
041 ## - LANGUAGE CODE
Language code of text/sound track or separate title eng
082 ## - DEWEY DECIMAL CLASSIFICATION NUMBER
Edition number 23
Classification number 530
Item number YOUS
100 ## - MAIN ENTRY--PERSONAL NAME
Personal name Hugh D Young
9 (RLIN) 23821
245 ## - TITLE STATEMENT
Title Sears and Zemanskys College Physics
250 ## - EDITION STATEMENT
Edition statement 10th ed.
260 ## - PUBLICATION, DISTRIBUTION, ETC.
Place of publication, distribution, etc. England
Name of publisher, distributor, etc. Pearson
Date of publication, distribution, etc. 2016
300 ## - PHYSICAL DESCRIPTION
Extent 1095p.
Other physical details PB
Dimensions 28x23cm.
365 ## - TRADE PRICE
Source of price type code General
Price type code ABDI/0565/22
Price amount ₹4605.85
Currency code
Unit of pricing ₹6141.14
Price note 25%
Price effective from 07/03/2022
520 ## - SUMMARY, ETC.
Summary, etc. Bringing the best of physics education research to a trusted and classic text For more than five decades, Sears and Zemansky's College Physics has provided the most reliable foundation of physics education for students around the world. New coauthors Phil Adams and Ray Chastain thoroughly revised the 10th Edition by incorporating the latest methods from educational research. New features help students develop greater confidence in solving problems, deepen conceptual understanding, and strengthen quantitative-reasoning skills, while helping them connect what they learn with their other courses and the changing world around them.<br/><br/>
650 ## - SUBJECT ADDED ENTRY--TOPICAL TERM
Source of heading or term Physics
700 ## - ADDED ENTRY--PERSONAL NAME
Personal name Adams, Philip W;Chastain ,Raymond J
9 (RLIN) 23822
942 ## - ADDED ENTRY ELEMENTS (KOHA)
Source of classification or shelving scheme Dewey Decimal Classification
Koha item type Book
Holdings
Withdrawn status Lost status Source of classification or shelving scheme Damaged status Not for loan Collection code Home library Current library Date acquired Source of acquisition Cost, normal purchase price Total Checkouts Full call number Barcode Date last seen Cost, replacement price Price effective from Koha item type
    Dewey Decimal Classification     Physics St Aloysius PG Library St Aloysius PG Library 03/10/2022 Academic Book Distributors 4605.85   530 YOUS PG023781 08/24/2022 6141.14 07/03/2022 Book